000 02143nam a2200277 4500
003 NALT
005 20260113150237.0
008 260108b th ||||| |||| 00| 0 tha d
020 _a9786165773744
040 _aNALT
050 _aH 62
_bท473ว 2564
100 0 _aทิพย์สิริ กาญจนวาสี.
_967236
245 1 0 _aวิธีวิทยาการวิจัย =
_bResearch methodology /
_cทิพย์สิริ กาญจนวาสี, ศิริชัย กาญจนวาสี.
246 3 1 _aResearch methodology.
250 _aพิมพ์ครั้งที่ 4.
260 _aกรุงเทพฯ :
_bพิมพ์ทันใจ,
_c2564.
300 _a277 หน้า :
_bภาพประกอบ, ตาราง, แผนภูมิ ;
_c26 ซม.
505 2 _aบทนำ การวิจัย (Research) -- บทที่ 1 การเตรียมการวิจัย -- บทที่ 2 การกำหนดปัญหาในการวิจัย -- บทที่ 3 การพัฒนากรอบแนวคิดของการวิจัย -- บทที่ 4 การออกแปบบการวิจัย -- บทที่ 5 การเขียนข้อเสนอโครงการวิจัย -- บทที่ 6 การพัฒนาเครื่องมือวิจัย -- บทที่ 7 การกำหนดกลุ่มตัวอย่างและการเก็บรวบรวมข้อมูล -- บทที่ 8 การวิเคราะห์ข้อมูล -- บทที่ 9 การเขียนรายงานการวิจัย -- บทที่ 10 การเผยแพร่ผลงานวิจัย.
650 4 _aวิจัย
_915558
700 0 _aศิริชัย กาญจนวาสี
_911428
942 _2lcc
_cGB
996 _ajidapa.t
_bACQSTF
_c2026-01-08
996 _avaree.k
_bLIBSTF
_c2026-01-09
996 _asaiphon.d
_bCATSTF
_c2026-01-13
999 _c107640
_d107640
998 _j104
_k นางสาวสายฝน ดีงาม